000 00299nam a2200133 i 4500
001 bg
100 1 _aMOREL, Pierre
245 0 _aCarcassonne :
_bLa Cite' /
_cPierre Morel.
260 _aParis,
_c1973.
040 _cBPK
041 _apol
942 _cKS
008 s pl f |000 0 pol
999 _c26714
_d26714